000 00888nas a2200277 4500
001 BR9501571
003 BR-BrBNA
005 20231205093927.0
007 ta
008 230509b bl.|||p| |||| 00| 00por d
040 _aBR-BrBNA
_bpor
_cBiblioteca Nacional de Agricultura
041 _a(Pt)
072 _aM12
100 1 _aRigolino, M.G.
100 1 _aTabata, Y.A.
100 1 _aSilva Neto, B.C. da
100 1 _aCarvalho Filho, A.C. de
100 1 _aOta, L.M.
245 1 _aEfeito da densidade na produtividade da truta arco-iris, Oncorhynchus mykiss (Osteichthyes, Salmoniformes, Salmonidae)
650 _aTruta Arco-Iris
650 _aProducao Pesqueira
650 _aDensidade Demografica
773 0 _tBoletim do Instituto de Pesca (Brazil)
_xISSN 0046-9939
_g(1989), v. 16(1) p. 89-95
_wBR9501571
909 _a202311
_bLúcia
_c55
_dLúcia Elande
942 _2AGRIS
_n0
_cANA
999 _c141138
_d141138